Statistics for Mal's General Knowledge

Click here to take the quiz!

General Stats

  • This quiz has been taken 942 times
  • The average score is 9 of 20

Answer Stats

HintAnswer% Correct
Fe is the periodic symbol for which elementIron
90%
Which scientist formulated the 'Laws of Gravity'Isaac Newton
90%
What is the most northerly State in the USAAlaska
85%
Pyong Yang is the capital of which countryNorth Korea
84%
Which Chess pieces never move diagonallyCastle/Rook
76%
How many players in a Rugby Union side15
74%
In cooking what is a 'Champignon'Mushroom
63%
What is a 'Persimmon'A Fruit
51%
In which country was 'Mel Gibson' bornUSA
49%
What colour is the dye 'Woad'Blue
41%
How many vertebrae are in the normal human spine33
31%
Which great artist designed the uniforms for the Vaticans 'Swiss Guard'Michelangelo
31%
Who composed the music for the Opera 'Carmen'Georges Bizet
27%
What is 1666 in Roman NumeralsMDCLXVI
27%
Writer H.G.Wells, what does the 'H' stand forHerbert
22%
What is the longest English word possible using only the top letter row of a typewriterTypewriter
20%
In 'The Godfather' movies, who "Broke Michael Corleones Heart"Fredo
17%
What type of animal is a 'Krait'Snake
14%
What is the only lake to have freshwater SharksLake Nicaragua
8%
Which actor was 'Indira Ghandi' on her way to meet when she was assassinatedPeter Ustinov
1%

Score Distribution

Percentile by Number Answered

Percent of People with Each Score

Your Score History

You have not taken this quiz